| 000 | 00438nam a2200145Ia 4500 | ||
|---|---|---|---|
| 999 |
_c6321 _d6321 |
||
| 008 | 200103s9999||||xx |||||||||||||| ||und|| | ||
| 020 | _a9789353062019 | ||
| 082 | _aColumn-18 | ||
| 100 | _aMano, M. Morris and Ciletti, Michael D. | ||
| 245 | 0 | _aDigital design with an introduction to the Verilog HDL, VHDL, and Systemverilog | |
| 250 | _a6th Ed. | ||
| 260 |
_bPearson Education, Asia _c2018 _aUttar Pradesh |
||
| 300 | _a765 | ||
| 942 | _cBK | ||